[Event "33rd ECCC Open 2017"]
[Site "Antalya"]
[Date "2017.10.10"]
[Round "2"]
[White "Mamedyarov, Shakhriyar"]
[Black "Nisipeanu, Liviu-Dieter"]
[Result "1-0"]
[WhiteElo "2791"]
[BlackElo "2672"]
[Annotator "TA"]
[PlyCount "59"]
[EventType "team-tourn"]
[EventCountry "TUR"]
[SourceTitle "playchess.com"]
[Source "ChessBase"]
[SourceQuality "1"]
[WhiteTeam "Globus"]
[BlackTeam "Baia Mare"]

{[%evp 24,59,44,52,47,37,44,41,58,47,53,43,73,55,63,64,174,191,178,186,205,160,150,150,343,343,343,343,343,342,342,341,528,363,348,311,291,300]} 1. d4 d5 2. c4 dxc4 3. e3 Nf6 4. Bxc4 e6 5. Nf3 c5 6. O-O a6 7. b3 b5 8. Be2 Nbd7 9. a4 bxa4 10. Rxa4 Bb7 11. Bb2 Be7 {D27: Queen's Gambit Accepted: Classical main line: 7 e4!? and 7 a4} 12. Nbd2 O-O 13. Qa1 {LiveBook: 7 Games} (13. Nc4 Bc6 14. Ra1 Bb5 15. dxc5 Nxc5 16. Nd4 Rc8 17. Rc1 Nd5 18. Nxb5 axb5 19. Ne5 {½-½ (19) Horvath,C (2529)-Stevic,H (2588) Austria 2008}) 13... Nb6 {White is slightly better.} 14. Ra5 cxd4 15. Bxd4 Nbd5 16. Nc4 Nb4 $146 ({Predecessor:} 16... Bb4 17. Ra2 Qe7 18. Na5 Bxa5 19. Rxa5 {½-½ (65) Straka,J (2210)-Vlasak,L (2208) Pavla Vlachovice 2010}) 17. Bc3 Bd5 18. Nfd2 Qc7 19. e4 Nxe4 ({Better is} 19... Bc6 $14) 20. Nxe4 $18 ({Don't take} 20. Bxg7 $6 Nc2 $16) 20... Bxe4 21. Bxg7 Rfd8 22. Bh6 {[%csl Gh6][%cal Ra1g7]} f6 23. Bf3 $40 {[%mdl 128] Black is in trouble.} Bxf3 $2 {[#]} (23... Bd5 $16) 24. Rg5+ $1 {[%cal Ba5g5,Bg5g7,Bg7g8,Bg8d8][%mdl 544]} Kf7 {White must now prevent ...Rg8.} (24... fxg5 25. Qg7#) 25. Rg7+ Ke8 26. gxf3 Qc6 27. Rc1 ({Not} 27. Rxh7 Qxf3 28. Qa4+ Qc6 $18) 27... Nd3 (27... Qc5 $142 28. Be3 Qh5) 28. Rg8+ Kd7 {[#]} 29. Ne5+ $1 {[%mdl 512]} Nxe5 30. Rxd8+ {Precision: White = 71%, Black = 56%.} 1-0

[Event "33rd ECCC Open 2017"]
[Site "Antalya"]
[Date "2017.10.11"]
[Round "2"]
[White "Giri, Anish"]
[Black "Lupulescu, Constantin"]
[Result "1/2-1/2"]
[WhiteElo "2762"]
[BlackElo "2620"]
[Annotator "TA"]
[PlyCount "90"]
[EventType "team-tourn"]
[EventCountry "TUR"]
[SourceTitle "playchess.com"]
[Source "ChessBase"]
[SourceQuality "1"]
[WhiteTeam "Globus"]
[BlackTeam "Baia Mare"]

{[%evp 28,90,24,26,26,36,37,40,25,-6,29,-11,0,0,0,0,0,0,0,0,0,0,12,12,35,0,0,0,0,0,0,0,0,0,0,0,0,0,0,0,0,0,0,0,0,0,0,0,0,0,0,-6,0,0,0,0,0,0,0,0,0,0,0,0,0]} 1. e4 c5 2. Nf3 e6 3. d4 cxd4 4. Nxd4 Nf6 5. Nc3 Nc6 6. Nxc6 bxc6 7. e5 Nd5 8. Ne4 Qc7 9. f4 Qa5+ 10. Bd2 Qb6 11. Bd3 Ba6 {B45: Sizilianisch (Klassisches System)} 12. Bxa6 Qxa6 13. Qe2 Qxe2+ 14. Kxe2 f5 15. Nf2 {[#] LiveBook: 4 Partien} a5 $146 ({Vorgänger:} 15... d6 16. Nd3 dxe5 17. Nxe5 Bd6 18. Nd3 O-O-O 19. Kf3 {1-0 (40) Fedorchuk,S (2652)-Timoshenko,G (2560) Cappelle-la-Grande 2008}) 16. c4 Nb4 17. Rhc1 c5 18. Be3 a4 19. g4 g6 20. gxf5 gxf5 21. Bd2 Nc6 22. Nd3 Rg8 {zielt auf ...Tg2+ ab.} 23. Rg1 Rxg1 24. Rxg1 Kf7 25. Be3 Ra5 26. h4 h5 {Die Stellung ist ausgeglichen.} 27. Kd2 Be7 28. Kc3 Nd8 29. Rd1 Ke8 30. Ne1 Nc6 31. Nd3 Nd8 32. Rg1 Kf7 33. Bf2 Nc6 34. Rh1 Kf8 35. Rb1 Ke8 36. Rd1 Nd8 37. Rg1 Kf7 38. Ne1 Nc6 39. Nf3 a3 40. b3 $36 {[%mdl 2048] Weiss hat Druck.} Nb4 41. Ra1 Ra6 42. Kd2 Ke8 43. Ke2 Nc2 44. Rc1 Nb4 45. Ra1 Nc2 {Precision: Weiß = 69%, Schwarz = 76%.} 1/2-1/2

[Event "33rd ECCC Open 2017"]
[Site "Antalya"]
[Date "2017.10.10"]
[Round "2"]
[White "Svidler, Peter"]
[Black "Stevic, Hrvoje"]
[Result "1-0"]
[WhiteElo "2760"]
[BlackElo "2616"]
[Annotator "TA"]
[PlyCount "55"]
[EventType "team-tourn"]
[EventCountry "TUR"]
[SourceTitle "playchess.com"]
[Source "ChessBase"]
[SourceQuality "1"]
[WhiteTeam "Mednyi Vsadnik"]
[BlackTeam "Nice Alekhine"]

{[%evp 22,55,26,29,29,20,31,18,18,30,17,18,42,41,66,15,165,171,167,171,176,173,185,137,207,204,204,203,286,292,292,292,354,342,917,917]} 1. e4 e5 2. Nf3 Nc6 3. Bb5 a6 4. Ba4 d6 5. O-O Bd7 6. d4 exd4 7. Nxd4 b5 {C72: Ruy Lopez: Deferred Steinitz: 5 0-0} 8. Nxc6 Bxc6 9. Bb3 Nf6 10. c4 Be7 11. Nc3 O-O 12. Re1 {LiveBook: 22 Games} Nd7 13. Be3 (13. Nd5 Bxd5 14. cxd5 Bf6 15. Rb1 {½-½ (37) Adams,M (2742)-Short,N (2678) Douglas 2015}) 13... Bf6 14. Qc2 Bxc3 $146 ({Predecessor:} 14... Ne5 15. cxb5 axb5 {1-0 (34) Amonatov,F (2619)-Aradhya,G (2230) New Delhi 2017}) 15. Qxc3 {Black must now prevent cxb5.} Bxe4 16. Rac1 Bg6 17. cxb5 axb5 18. Bd5 (18. Qxc7 $14 Ne5 19. Qxd8 Rfxd8 20. Rcd1) 18... Ne5 (18... Rc8 $11 {and Black stays safe.}) 19. Bxa8 $18 ({Don't play} 19. Qxc7 $6 Nd3 $14) 19... Qxa8 20. Red1 $36 {[%mdl 2048] White is on the roll.} ({But not} 20. Qxc7 $6 Nd3 $14) 20... Qxa2 21. Bd4 b4 22. Qg3 c5 (22... f6 $16) 23. Bxe5 dxe5 24. Qxe5 f6 (24... c4 $142 25. Qe7 Qxb2) 25. Qe2 ({Less strong is} 25. Qxc5 Qxb2 26. Rd7 h6 $16) 25... Re8 26. Qd2 h6 27. Rxc5 b3 $2 {[#]} (27... Re4 28. f3 Qa7) 28. Ra5 {Precision: White = 73%, Black = 39%.} 1-0

[Event "33rd ECCC Open 2017"]
[Site "Antalya"]
[Date "2017.10.11"]
[Round "2"]
[White "Yu, Yangyi"]
[Black "Grachev, Boris"]
[Result "1/2-1/2"]
[WhiteElo "2743"]
[BlackElo "2645"]
[Annotator "TA"]
[PlyCount "85"]
[EventType "team-tourn"]
[EventCountry "TUR"]
[WhiteTeam "Alkaloid"]
[BlackTeam "Legacy Square Capital"]

{[%evp 22,85,3,0,0,12,7,22,20,10,10,10,7,8,18,0,13,0,7,7,14,14,50,25,10,7,52,50,52,47,53,37,38,30,18,23,40,21,22,20,25,0,0,0,0,0,0,-2,-7,-22,-23,-23,0,-50,-14,-85,-82,-115,-112,-100,-37,-42,-38,-159,-153,-198]} 1. e4 c5 2. Nc3 a6 3. Nf3 e6 4. d4 cxd4 5. Nxd4 Nc6 6. Nxc6 bxc6 7. Bd3 d5 8. O-O Nf6 9. Re1 Be7 10. e5 Nd7 11. Qg4 Kf8 12. Na4 {LiveBook: 19 Games. B46: Sicilian: Taimanov: 5 Nc3 a6} Qa5 (12... c5 13. c4 d4 14. Bd2 Bb7 15. b3 h5 16. Qe2 g6 17. Be4 Qc7 18. Nb2 a5 19. Nd3 Kg7 {1-0 (48) Yu,Y (2750)-Leitao,R (2618) Fufeng 2017}) 13. Re2 h5 14. Qf4 {Threatening Bg6.The position is equal.} g5 15. Bd2 gxf4 16. Bxa5 h4 $146 ({Predecessor:} 16... Rg8 17. f3 Nc5 18. Nxc5 Bxc5+ 19. Kf1 Be3 {½-½ (56) Chukavin,K (2096)-Ladva,O (2409) Tallinn 2015}) 17. Bd2 Bg5 18. f3 a5 19. Rae1 Rh5 20. h3 Kg7 21. b3 Rh8 22. Kf1 {[%cal Bg1f1,Bf1e1,Be1d1,Bd1c2][%mdl 32]} Ba6 23. c4 Rhb8 24. Rc1 Ra7 25. Ke1 Raa8 26. Kd1 Ra7 27. Kc2 Raa8 28. Rd1 Nf8 29. Nc5 Bc8 30. Bc1 Nd7 31. Nxd7 Bxd7 32. Ba3 a4 33. Bd6 axb3+ 34. axb3 Rb7 35. Rb1 Bd8 36. Kc3 Rba7 37. Reb2 Be8 38. Kd4 (38. b4 $11 {keeps the balance.}) 38... Bb6+ $17 39. c5 Bd8 $1 40. b4 {[#]} Ra4 (40... f6 $1 $17) 41. Bc2 $1 $15 {[%cal Rc2a4]} Ra3 42. Bb3 {[#]} (42. Rb3 $15) 42... f6 $1 $17 43. Rd2 {Precision: White = 38%, Black = 52%.} 1/2-1/2

[Event "33rd ECCC Open 2017"]
[Site "Antalya"]
[Date "2017.10.12"]
[Round "2"]
[White "Harikrishna, P."]
[Black "Postny, Evgeny"]
[Result "1/2-1/2"]
[WhiteElo "2733"]
[BlackElo "2569"]
[Annotator "TA"]
[PlyCount "121"]
[EventType "team-tourn"]
[EventCountry "TUR"]
[WhiteTeam "Novy Bor"]
[BlackTeam "Beer Sheva"]

{[%evp 13,121,8,22,22,12,7,7,5,16,9,12,6,6,10,27,9,7,4,25,2,6,6,3,3,3,3,3,2,4,0,0,0,0,0,5,1,3,0,20,22,27,22,26,0,15,0,31,30,20,22,31,20,27,30,31,31,31,20,37,22,43,6,17,2,8,12,12,7,23,23,23,23,30,30,29,31,33,30,30,28,39,33,34,23,33,33,81,19,21,0,81,16,24,2,2,2,7,0,0,0,0,0,0,0,0,0,0,0,0,0]} 1. e4 c6 2. d4 d5 3. e5 Bf5 4. Nf3 e6 5. Be2 Ne7 6. O-O c5 7. c4 Nbc6 8. dxc5 {B12: Caro-Kann: Advance Variation} dxc4 9. Na3 (9. Bxc4 Ng6 10. Be3 Be7 11. Nc3 O-O 12. Be2 Qb8 13. Nd2 Rd8 14. f4 Nd4 15. Nce4 Bxe4 16. Nxe4 {½-½ (35) Kasimdzhanov,R (2696)-Nisipeanu,L (2687) Baku 2016}) 9... Qxd1 $146 ({Predecessor:} 9... Nd5 10. Nd4 Bxc5 11. Nxf5 exf5 12. Bxc4 Nb6 13. Bd3 O-O 14. Bxf5 Qxd1 15. Rxd1 Bxa3 16. bxa3 Nxe5 {½-½ (41) Oleksienko,M (2306)-Pakleza,Z (2362) Peniscola 2002}) 10. Rxd1 Nd5 11. Bxc4 {Hoping for Nb5.} Bxc5 12. Bxd5 exd5 13. Nb5 {Threatens to win with Nc7+.} O-O 14. Bf4 Be4 15. Ng5 Rae8 16. Nc7 Re7 $1 {[%cal Re7c7]} 17. Nxd5 Bxd5 18. Rxd5 Bd4 19. Nf3 Bxb2 20. Rb1 Bc3 21. h4 Rfe8 22. Bg5 Rc7 {[%cal Rc6e5]} 23. Bf4 Rce7 24. Rb3 Ba5 25. h5 h6 26. Nh4 {White wants to play Nf5.} Bc7 {[%cal Rc7e5]} 27. Nf5 Re6 {[%cal Rc7e5]} 28. Nd6 R8e7 29. Nf5 Re8 {[%cal Rc7e5]} 30. Rxb7 Bxe5 31. Be3 Bf6 32. Rc5 a6 33. g3 Ne7 34. Nxe7+ R8xe7 35. Rc8+ Kh7 36. Rxe7 Bxe7 $14 {[%mdl 4096] Endgame KRB-KRB} 37. Kg2 g6 38. g4 gxh5 39. gxh5 Bg5 40. Bc5 Be7 41. Ba7 Bf6 42. Kf3 Kg7 43. a4 Re5 44. Rc5 Re7 45. Bb6 Re6 46. Bc7 Bd4 47. Rd5 Rc6 48. Bf4 Bf6 49. Be3 Rc3 {[#]} 50. Ke2 ({White should try} 50. Rc5 $1 $16) 50... Rc2+ $11 51. Kf3 (51. Kf1 $11) 51... Rc3 $16 {[#]} 52. Kg2 ({White should play} 52. Rc5 $1 $16) 52... Rc4 53. Ra5 (53. a5 {looks sharper.} Ra4 54. Bb6 Bc3 55. Kf3 Rh4 56. Bd8) 53... Bd4 {The position is equal.} 54. Kf3 ({Don't do} 54. Rxa6 $6 Bxe3 55. fxe3 Rc5 $16) 54... Bxe3 55. Kxe3 $11 {KR-KR} Rc6 56. f4 Kf6 57. Ke4 Rc4+ 58. Kf3 Rc6 59. Kg4 Ke6 60. Re5+ Kf6 61. Ra5 {Precision: White = 67%, Black = 74%.} 1/2-1/2

[Event "33rd ECCC Open 2017"]
[Site "Antalya"]
[Date "2017.10.11"]
[Round "2"]
[White "Vitiugov, Nikita"]
[Black "Wagner, Dennis"]
[Result "1/2-1/2"]
[WhiteElo "2728"]
[BlackElo "2564"]
[Annotator "TA"]
[PlyCount "111"]
[EventType "team-tourn"]
[EventCountry "TUR"]
[WhiteTeam "Mednyi Vsadnik"]
[BlackTeam "Nice Alekhine"]

{[%evp 12,111,18,12,13,10,10,8,21,15,21,0,6,12,15,12,20,0,0,-8,0,0,0,-6,-8,-4,0,0,0,0,0,0,0,0,17,0,0,-18,0,0,16,0,0,0,61,14,20,19,53,7,13,9,9,21,16,0,0,0,0,0,0,0,0,0,0,0,0,0,0,0,0,0,0,0,0,0,0,0,0,0,0,0,0,0,0,0,0,0,7,0,7,0,0,0,0,0,0,0,0,0,0,0]} 1. e4 e5 2. Nf3 Nc6 3. Bb5 a6 4. Ba4 Nf6 5. d3 b5 6. Bb3 Be7 7. a4 {[#] axb5 is the strong threat.} b4 {C77: Ruy Lopez: 3...a6 4 Ba4 Nf6, unusual lines} (7... Rb8 8. axb5 axb5 9. O-O O-O 10. Re1 d6 11. c3 Be6 12. Bxe6 fxe6 13. Bg5 Nd7 14. Be3 d5 15. Nbd2 Nc5 16. Nb3 Na4 17. Qe2 Bd6 18. d4 dxe4 19. Nxe5 Bxe5 20. dxe5 Nxe5 {1-0 (43) Adams,M (2738)-Shirov,A (2630) Douglas 2017}) 8. Nbd2 O-O 9. O-O d6 10. c3 Rb8 11. h3 Na5 12. Ba2 c5 13. Nc4 Nc6 14. Ne3 Be6 15. Bc4 Qc8 $146 ({Predecessor:} 15... bxc3 16. bxc3 d5 17. exd5 Nxd5 18. Nxd5 Bxd5 19. Bxa6 {½-½ (29) Escandell Mari,J (2278)-Asis Gargatagli,H (2456) Catalunya 2013}) 16. Re1 Rd8 17. Bxe6 Qxe6 18. c4 Nd4 19. Nxd4 cxd4 20. Nd5 Nxd5 21. exd5 Qg6 22. a5 f5 {[%cal Bf7f5,Bf5f4][%mdl 32]} 23. Ra4 Bh4 24. Re2 f4 {[#] aiming for ...f3.} 25. Re4 h5 26. Qf3 b3 27. Bd2 Rf8 ({Better is} 27... Qf5 $11) 28. Rb4 (28. c5 {is interesting.} Rb5 29. cxd6 Qxd6 30. Qxh5 Bf6 31. Re1) 28... Rxb4 29. Bxb4 Rb8 30. Bd2 Bf6 {The position is equal.} 31. Re1 Kh7 32. Rc1 Be7 33. Ra1 Qf5 34. Ra4 g6 35. Kf1 Qd7 36. Ra3 Kg7 37. Qd1 Qb7 38. Kg1 Qd7 39. Kh2 Kh7 40. Qe2 Qf5 41. Ra4 Qd7 42. Rb4 Rxb4 $1 43. Bxb4 Kg8 44. Ba3 Kf7 45. Qd1 Qb7 46. Qe1 Qb8 47. Bb4 Qb7 48. Ba3 Qb8 49. Kg1 Qb7 50. Kf1 Qb8 51. Ke2 Qb7 52. Bb4 Qb8 53. Bd2 Qc8 54. f3 Qd7 55. Qa1 g5 $1 56. Kf2 {Precision: White = 62%, Black = 74%.} 1/2-1/2

[Event "33rd ECCC Open 2017"]
[Site "Antalya"]
[Date "2017.10.11"]
[Round "2"]
[White "Eljanov, Pavel"]
[Black "Najer, Evgeniy"]
[Result "0-1"]
[WhiteElo "2720"]
[BlackElo "2699"]
[Annotator "TA"]
[PlyCount "46"]
[EventType "team-tourn"]
[EventCountry "TUR"]
[SourceTitle "playchess.com"]
[Source "ChessBase"]
[SourceQuality "1"]
[WhiteTeam "Alkaloid"]
[BlackTeam "Legacy Square Capital"]

{[%evp 17,46,15,8,12,12,0,0,0,82,17,63,66,64,67,72,0,0,0,1,14,0,8,8,-260,-243,-384,-380,-370,-345,-342,-340]} 1. Nf3 d5 2. b3 Bg4 3. Bb2 Bxf3 4. exf3 e6 5. g3 Nf6 6. Bg2 {A06: Réti Opening:1 Nf3 d5} Be7 (6... g6 7. Qe2 Nbd7 8. f4 c6 9. O-O Bg7 10. d4 O-O 11. Nd2 a5 12. c4 a4 {0-1 (71) Artemiev,V (2662)-Leko,P (2723) Moscow 2014}) 7. O-O c5 8. f4 Nc6 9. d3 O-O {LiveBook: 3 Games} 10. Re1 $146 ({Predecessor:} 10. Nd2 Qd6 11. Nf3 Nd7 12. Qd2 Bf6 {1-0 (40) Artemiev,V (2554)-Bodek,M (2386) Chongqing 2013}) 10... Ne8 {[%cal Bf6e8,Be8c7,Bc7d5,Bd5c3][%mdl 32]} 11. c4 {[%cal Bc2c4,Bc4d5][%mdl 32]} Bf6 12. Nc3 Qa5 (12... Nc7 $11 {remains equal.}) 13. Qc1 ({White should try} 13. cxd5 $16 exd5 14. Qc1) 13... Rd8 14. cxd5 Nb4 15. Rd1 ({Much worse is} 15. dxe6 Nxd3 16. Qc2 fxe6 $11) 15... Nc7 {[%cal Re6d5]} 16. Na4 (16. dxe6 $16 Nxe6 17. Be4) 16... Bxb2 $11 17. Qxb2 Ncxd5 18. Rac1 b6 19. d4 {[%cal Rd4c5] [#]} c4 $1 {[%mdl 512]} 20. a3 $2 {[%mdl 8192]} (20. Rxc4 $11 b5 21. Rc5) (20. bxc4 Qxa4) 20... Nd3 $19 21. Qc2 (21. Rxd3 $142 cxd3 22. Be4) 21... Nxc1 22. bxc4 {[#]} Nc3 $1 23. Nxc3 {[#]} Qxc3 $1 {[%mdl 512] Precision: White = 31%, Black = 62%.} 0-1

[Event "33rd ECCC Open 2017"]
[Site "Antalya"]
[Date "2017.10.11"]
[Round "2"]
[White "Inarkiev, Ernesto"]
[Black "Ding, Liren"]
[Result "1/2-1/2"]
[WhiteElo "2693"]
[BlackElo "2772"]
[Annotator "TA"]
[PlyCount "80"]
[EventType "team-tourn"]
[EventCountry "TUR"]
[SourceTitle "playchess.com"]
[Source "ChessBase"]
[SourceQuality "1"]
[WhiteTeam "Legacy Square Capital"]
[BlackTeam "Alkaloid"]

{[%evp 27,80,0,3,-6,8,8,12,0,5,5,8,7,17,11,9,7,6,11,10,9,8,7,13,0,0,0,2,0,5,0,0,-7,-9,-12,-6,-11,-6,-16,-3,-3,-3,-3,-3,-3,-3,-4,0,-4,-3,-6,-2,-2,0,0,0]} 1. e4 e5 2. Nf3 Nc6 3. Bc4 Bc5 4. c3 Nf6 5. d4 exd4 6. e5 d5 7. Bb5 Ne4 8. cxd4 Bb6 9. Nc3 O-O 10. Be3 {C54: Giuoco Piano: 4 c3 Nf6, main lines with 5 d4 and 5 d3} Bg4 11. h3 Bh5 {[%cal Bg4h5,Bh5g6,Bg6d3][%mdl 32]} 12. Qc2 Bg6 13. Qb3 Ne7 14. O-O c6 {LiveBook: 3 Games. The position is equal.} 15. Bd3 {[#]} Nd2 $146 ({Predecessor:} 15... Nf5 16. Rae1 Nxd4 17. Bxd4 Bxd4 18. Nxe4 dxe4 19. Bxe4 Bxe4 20. Rxe4 {½-½ (29) Svidler,P (2749)-So,W (2810) Saint Louis 2017}) 16. Nxd2 {[#] Strongly threatening Ne2.} Bxd3 17. Rfd1 Nf5 18. Nxd5 Be2 19. Re1 Qxd5 20. Qxd5 cxd5 21. Rxe2 Bxd4 22. Nf3 Bxe3 23. fxe3 Rac8 24. Rd1 Ne7 25. e4 dxe4 26. Rxe4 Rfd8 27. Red4 Nc6 28. Rd7 Kf8 29. Kf2 Ke8 30. R7d2 Rxd2+ 31. Rxd2 $11 {[%mdl 4096] Endgame KRN-KRN} Nd8 32. Ke3 Ne6 33. Nd4 Nxd4 34. Kxd4 {KR-KR} Ke7 35. Ke4 Rc4+ 36. Kd5 Rc8 37. Ke4 Rc1 38. b3 h5 39. g4 h4 40. Rd3 Rc2 {Precision: White = 84%, Black = 67%.} 1/2-1/2

[Event "33rd ECCC Open 2017"]
[Site "Antalya"]
[Date "2017.10.11"]
[Round "2"]
[White "Kryvoruchko, Yuriy"]
[Black "Popov, Ivan"]
[Result "1/2-1/2"]
[WhiteElo "2692"]
[BlackElo "2609"]
[Annotator "TA"]
[PlyCount "49"]
[EventType "team-tourn"]
[EventCountry "TUR"]
[SourceTitle "playchess.com"]
[Source "ChessBase"]
[SourceQuality "1"]
[WhiteTeam "Alkaloid"]
[BlackTeam "Legacy Square Capital"]

{[%evp 25,49,18,16,15,13,10,9,20,22,0,14,0,0,0,0,0,0,0,0,-51,0,0,0,-46,0,0]} 1. e4 {[%cal Be2e4,Be4e5][%mdl 32]} e6 2. d4 d5 3. Nc3 Nf6 4. e5 Nfd7 5. f4 c5 6. Nf3 Nc6 7. Be3 cxd4 8. Nxd4 Qb6 9. Qd2 Qxb2 10. Rb1 Qa3 11. Bb5 Nxd4 {C11: French: Classical System: 4 e5 and 4 Bg5 dxe4} 12. Bxd4 a6 13. Bxd7+ Bxd7 {LiveBook: 83 Games} 14. Rb3 Qe7 $1 15. Rxb7 Rc8 16. O-O Qd8 {[#]} 17. Ne2 $146 ({Predecessor:} 17. Nd1 Bc6 18. Rb1 Bb5 19. Rf2 {1-0 (65) Kokarev,D (2611)-Fedoseev,V (2664) Khanty-Mansiysk 2015}) 17... Be7 18. Bb6 Bc5+ 19. Bxc5 Rxc5 20. Rfb1 O-O 21. Nd4 Qc8 22. R7b4 (22. R1b6 $11) 22... Qc7 23. Rb7 Qc8 24. R7b4 Qc7 25. Rb7 1/2-1/2

[Event "33rd ECCC Open 2017"]
[Site "Antalya"]
[Date "2017.10.09"]
[Round "2"]
[White "Malakhov, Vladimir"]
[Black "Andreikin, Dmitry"]
[Result "1/2-1/2"]
[WhiteElo "2691"]
[BlackElo "2705"]
[Annotator "TA"]
[PlyCount "76"]
[EventType "team-tourn"]
[EventCountry "TUR"]
[SourceTitle "playchess.com"]
[Source "ChessBase"]
[SourceQuality "1"]
[WhiteTeam "Legacy Square Capital"]
[BlackTeam "Alkaloid"]

{[%evp 13,76,16,13,8,11,9,20,13,19,16,16,13,29,17,23,0,0,0,0,-2,0,0,15,0,0,0,5,16,66,14,45,0,0,-7,34,0,0,-12,-11,-12,0,0,0,0,0,0,0,-10,0,-14,0,0,0,0,0,0,0,0,13,14,27,10,105,108,104]} 1. Nf3 d5 2. e3 Nf6 3. c4 e6 4. d4 a6 5. b3 c5 (5... Nbd7 6. Bb2 b6 7. Nc3 Bb7 8. Bd3 Bd6 9. O-O O-O 10. Qe2 c5 11. cxd5 exd5 12. Rfd1 Re8 13. Rac1 Qb8 14. Bf5 cxd4 15. Rxd4 Ne5 16. Na4 b5 17. Nb6 Ra7 {½-½ (57) Laznicka,V (2664)-Naiditsch,A (2710) Linares 2017}) 6. Bb2 {D30: Queen's Gambit Declined: Systems without Nc3} cxd4 7. exd4 b6 {LiveBook: 3 Games} 8. Nbd2 {The position is equal.} Bb7 9. Bd3 Nbd7 $146 ({Predecessor:} 9... Be7 10. O-O O-O 11. Qe2 Nc6 12. Rac1 Re8 {½-½ (32) Anton Guijarro,D (2546)-Arizmendi Martinez,J (2560) San Agustin 2012}) 10. O-O Bd6 11. Qe2 O-O 12. Ne5 Qe7 13. a3 a5 14. a4 Bb4 15. f4 g6 16. Rad1 Rad8 17. Qe3 Nh5 18. Ndf3 f6 19. Ng4 Bd6 20. g3 Rfe8 21. Rfe1 (21. Nfe5 $14) 21... f5 22. Nge5 ({White should try} 22. Nh6+ $14 Kg7 23. c5) 22... Nxe5 $11 23. Nxe5 Bb4 24. Rf1 Nf6 25. Be2 Rc8 26. Rc1 Ba6 27. Rc2 Rc7 28. Rfc1 Rec8 29. Bd3 Bb7 30. Bf1 Ne4 31. Bg2 dxc4 32. bxc4 Qe8 33. Qb3 Nd2 34. Qd3 Ne4 35. Qb3 Rd8 36. Re2 Ba8 37. Ng4 Qf8 {[#]} (37... fxg4 $11 {remains equal.} 38. Bxe4 Bxe4 39. Rxe4 Qc6) 38. Bxe4 $1 $16 fxe4 {Precision: White = 45%, Black = 55%.} 1/2-1/2

[Event "33rd ECCC Open 2017"]
[Site "Antalya"]
[Date "2017.10.10"]
[Round "2"]
[White "Mamedov, Rauf"]
[Black "Kveinys, Aloyzas"]
[Result "1-0"]
[WhiteElo "2678"]
[BlackElo "2535"]
[Annotator "TA"]
[PlyCount "41"]
[EventType "team-tourn"]
[EventCountry "TUR"]
[SourceTitle "playchess.com"]
[Source "ChessBase"]
[SourceQuality "1"]
[WhiteTeam "Odlar Yurdu"]
[BlackTeam "Riga"]

{[%evp 14,41,18,18,28,28,38,-34,78,56,160,88,217,217,235,215,460,443,891,932,1522,627,1010,978,1719,1707,1707,1520,29985,29985]} 1. e4 c5 2. Nf3 e6 3. d4 cxd4 4. Nxd4 a6 5. Nc3 Qc7 6. Bd3 Nf6 7. Qe2 d6 8. f4 Nbd7 {B82: Sicilian Scheveningen: 6 f4} 9. Bd2 (9. g4 Nc5 10. g5 Nfd7 11. Bd2 g6 12. f5 Ne5 13. h4 Bd7 14. Rf1 O-O-O 15. O-O-O Bg7 16. f6 {1-0 (30) Grischuk,A (2750)-Timofeev,A (2555) Sochi 2017}) 9... g6 10. Bc4 (10. g4 $14) 10... b5 $146 {[#]} (10... Bg7 $15 {stays ahead.}) ({Predecessor:} 10... Nb6 11. Bb3 Bg7 12. O-O-O O-O 13. f5 e5 14. Nf3 gxf5 15. Rdf1 Nxe4 16. Nxe4 fxe4 {1-0 (36) Navarrete Espi,S (2176)-Kovacevic,S (2300) Cullera 2012}) 11. Bxe6 $1 $16 {[%mdl 512] Black must now prevent Bd5.} fxe6 (11... Bg7 $1 $14) 12. Nxe6 Qb7 (12... Qb6 $16 {was necessary.}) 13. e5 $18 {Hoping for exd6.} dxe5 14. fxe5 Nh5 $2 {[#]} (14... Nxe5 15. Qxe5 Bxe6) 15. Nd5 $1 {[%mdl 512]} Nc5 (15... Ra7 $142) (15... Qxd5 16. Nc7+) 16. Nec7+ Kf7 17. g4 (17. O-O+ $142 Kg8 {[#]} 18. Rxf8+ $1 {[%mdl 512]} Kg7 19. Bh6+ $1 {[%mdl 512]} Kxh6 20. Rxh8) 17... Ne6 18. Rf1+ Kg8 19. Qf3 {[%csl Gf1][%cal Rf3f7]} Nhf4 20. Bxf4 ({Weaker is} 20. Nf6+ Kg7 $18) 20... Nxc7 21. Bh6 {Precision: White = 72%, Black =  8%.} 1-0

[Event "33rd ECCC Open 2017"]
[Site "Antalya"]
[Date "2017.10.10"]
[Round "2"]
[White "Ragger, Markus"]
[Black "Huzman, Alexander"]
[Result "1/2-1/2"]
[WhiteElo "2659"]
[BlackElo "2549"]
[Annotator "TA"]
[PlyCount "80"]
[EventType "team-tourn"]
[EventCountry "TUR"]
[SourceTitle "playchess.com"]
[Source "ChessBase"]
[SourceQuality "1"]
[WhiteTeam "Novy Bor"]
[BlackTeam "Beer Sheva"]

{[%evp 13,80,14,24,10,22,11,13,29,14,12,33,0,0,0,3,-14,-3,-15,0,-8,-20,-27,-16,-56,-53,-60,-66,-65,-39,-107,-97,-83,-55,-68,-63,-81,-79,-79,-79,-79,-75,-83,-81,-83,-42,-47,-54,-59,-29,-24,-9,-11,0,0,0,0,0,0,0,0,0,0,-1,-12,0,0,0,0,27]} 1. e4 c5 2. Nf3 d6 3. d4 cxd4 4. Nxd4 Nf6 5. Nc3 a6 6. a3 g6 {B90: Sicilian Najdorf: Unusual White 6th moves, 6 Be3 Ng4 and 6 Be3 e5} (6... e5 7. Nf5 d5 8. Bg5 d4 9. Bxf6 gxf6 10. Nb1 Bxf5 11. exf5 Qd5 12. Qd3 Qa5+ 13. Nd2 Bb4 14. O-O-O Bxd2+ 15. Qxd2 Qxd2+ 16. Rxd2 {1-0 (40) Demchenko,A (2645)-Areshchenko,A (2652) Tbilisi 2017}) 7. Be2 Bg7 {LiveBook: 3 Games} 8. O-O O-O 9. Be3 Bd7 10. f4 Nc6 11. Nb3 Be6 $146 ({Predecessor:} 11... Rc8 12. a4 Be6 13. a5 Qd7 14. Qd2 Nb4 15. Bb6 Bc4 16. Rae1 e6 17. f5 Bxe2 18. Rxe2 {½-½ (73) Lambrechts,C (2262)-Habermehl,T (2503) ICCF email 2009}) 12. Bf3 Nd7 {[%cal Bf6d7,Bd7b6,Bb6c4][%mdl 32]} 13. Rb1 Nb6 14. Nd2 d5 15. exd5 Bxd5 16. Nde4 Bxe4 17. Nxe4 {[#] Black must now prevent Qxd8.} Nc4 18. Bf2 Qc7 19. Qc1 Nd4 $36 {[%mdl 2048] Black is pushing.} 20. Bd1 Rfd8 21. b3 (21. Re1 $15) 21... Nd6 $17 22. Nxd6 Qxd6 23. c4 Rac8 24. a4 b5 25. axb5 axb5 26. Kh1 Bh6 27. Bxd4 Qxd4 28. Be2 e5 {[%cal Rh6f4]} 29. Qe1 Bxf4 {[%cal Rb5c4]} 30. cxb5 Rc2 31. Rd1 Rd2 32. Rxd2 {The position is equal.} Qxd2 33. Qxd2 Rxd2 $11 {[%mdl 4096] Endgame KRB-KRB} 34. Bc4 {[#] g3 is the strong threat.} Rd7 $1 35. g3 Be3 36. Rf6 Kg7 37. Rc6 Rb7 38. Kg2 f5 39. Kf3 Bd4 40. g4 fxg4+ {Precision: White = 61%, Black = 66%.} 1/2-1/2